000 00302nam a22001337a 4500
008 171124b xxu||||| |||| 00| 0 eng d
020 _a076092007692
041 _aeng
080 _a004
100 _a35
101 _aSHK
245 _aCORE SERVLETS JAVA SERVER PAGES
_cHALL.M
942 _2udc
_cBK
999 _c38446
_d38446